| 000 | 00490nam a2200205Ia 4500 | ||
|---|---|---|---|
| 003 | OSt | ||
| 005 | 20230518154926.0 | ||
| 008 | 210210b1987 xxu||||| |||| 00| 0 eng d | ||
| 020 | _a19 560255 2 | ||
| 040 | _cAL | ||
| 041 | _aEnglish | ||
| 082 | _a822.9 BREL | ||
| 100 |
_aBRECHT (Bertolt). _9108887 |
||
| 245 | _aLife of Galileo. | ||
| 260 |
_aMadras. _bOxford University Press., _c1987 |
||
| 300 | _avi,127 | ||
| 690 |
_aEnglish Drama _9108888 |
||
| 906 | _a042602 | ||
| 942 |
_2ddc _cBK |
||
| 999 |
_c92469 _d92469 |
||